| 000 | 00480nam a22001457a 4500 | ||
|---|---|---|---|
| 005 | 20240311142240.0 | ||
| 008 | 240311b ||||| |||| 00| 0 eng d | ||
| 040 | _cAL | ||
| 041 | _aEnglish | ||
| 082 |
_223 _a001.64 _bECOM |
||
| 100 |
_aJacob Abraham Vishal _9153696 |
||
| 245 | _aA Study on the Various Aspects of E-Commerce and the Market Potential for a Business to Comsumer E-Commerce Solution in Mangalore | ||
| 650 |
_aProject Report 1999-2000 _9153697 |
||
| 942 |
_2ddc _cPRO |
||
| 999 |
_c230202 _d230202 |
||